The noble scholar, jurist, historian


 His Excellency Dr. Abdul Wahhab bin Ibrahim Abu Sulaiman, may Allah have mercy on him.


 He was born in Umm Al-Qura in the year 1356 AH.

الآثار الإسلامية في محافظة الطائف من خلال كتابات المؤرخين والرحالة / (Record no. 8864)

MARC details
000 -LEADER
fixed length control field 01363cam a2200301 i 4500
003 - CONTROL NUMBER IDENTIFIER
control field SA-RiAUC
005 - DATE AND TIME OF LATEST TRANSACTION
control field 20250612050345.0
008 - FIXED-LENGTH DATA ELEMENTS--GENERAL INFORMATION
fixed length control field 250605s1997 su a g 00010 ara c
020 ## - INTERNATIONAL STANDARD BOOK NUMBER
International Standard Book Number 9960656233
040 ## - CATALOGING SOURCE
Original cataloging agency SA-RiAUC
Language of cataloging ara
Transcribing agency SA-RiAUC
Description conventions rda
043 ## - GEOGRAPHIC AREA CODE
Geographic area code a-su---
082 04 - DEWEY DECIMAL CLASSIFICATION NUMBER
Classification number 953.124
Assigning agency SA-RiAUC
090 ## - LOCALLY ASSIGNED LC-TYPE CALL NUMBER (OCLC); LOCAL CALL NUMBER (RLIN)
Classification number (OCLC) (R) ; Classification number, CALL (RLIN) (NR) 953.124
Local cutter number (OCLC) ; Book number/undivided call number, CALL (RLIN) ا ث ا
245 02 - TITLE STATEMENT
Title الآثار الإسلامية في محافظة الطائف من خلال كتابات المؤرخين والرحالة /
Statement of responsibility, etc. جمع وتوثيق ناصر بن علي الحارثي.
246 30 - VARYING FORM OF TITLE
Title proper/short title الطائف من خلال كتابات المؤرخين والرحالة
250 ## - EDITION STATEMENT
Edition statement الطبعة الثانية.
264 #1 - PRODUCTION, PUBLICATION, DISTRIBUTION, MANUFACTURE, AND COPYRIGHT NOTICE
Place of production, publication, distribution, manufacture الطائف، السعودية :
Name of producer, publisher, distributor, manufacturer دار الحارثي،
Date of production, publication, distribution, manufacture, or copyright notice 1997
300 ## - PHYSICAL DESCRIPTION
Extent 371 صفحة :
Other physical details إيضاحيات ؛
Dimensions 24 سم.
336 ## - CONTENT TYPE
Content type term نص
Content type code txt
Source rdacontent
Materials specified كتاب
337 ## - MEDIA TYPE
Media type term بدون وسيط
Media type code n
Source rdamedia
338 ## - CARRIER TYPE
Carrier type term مجلد
Carrier type code nc
Source rdacarrier
490 0# - SERIES STATEMENT
Series statement موسوعة الآثار الإسلامية في محافظة الطائف ؛
Volume/sequential designation 3
651 #7 - SUBJECT ADDED ENTRY--GEOGRAPHIC NAME
Geographic name الطائف (السعودية)
General subdivision آثار إسلامية
Source of heading or term aucsh
651 #7 - SUBJECT ADDED ENTRY--GEOGRAPHIC NAME
Geographic name الطائف (السعودية)
General subdivision تاريخ
Source of heading or term aucsh
700 1# - ADDED ENTRY--PERSONAL NAME
Personal name الحارثي، ناصر بن علي بن عيضة،
Dates associated with a name 1381-1430 هجري
Relator term جامع.
942 ## - ADDED ENTRY ELEMENTS (KOHA)
Source of classification or shelving scheme Dewey Decimal Classification
Koha item type Books
Suppress in OPAC No
949 ## - LOCAL PROCESSING INFORMATION (OCLC)
a SA-JeALM
d 250605
u mohamedma123
n 1
Holdings
Withdrawn status Lost status Source of classification or shelving scheme Damaged status Not for loan Home library Current library Date acquired Total checkouts Full call number Barcode Date last seen Price effective from Koha item type
    Dewey Decimal Classification     DR AbdElwahab Library DR AbdElwahab Library 06/12/2025   953.124 ا ث ا 000014708 06/12/2025 06/12/2025 Books